000 00444nam a2200169Ia 4500
008 240729s9999 xx 000 0 und d
022 _a2589-5087
245 0 _aIndian Spine Journal
260 _aIndia
260 _bWolters Kluwer Medknow Publications
650 _a Orthopedic surgery
650 _a Surgery
650 _aMedicine
856 _uhttps://doaj.org/toc/692b1733b5894f27a282d4058c64258a
942 _2ddc
942 _cDOAJEJ
999 _c66482
_d66482
945 _a1
_bMadushi Gamage
_c1
_dMadushi Gamage